00633nam a22002057a 450000500170000000800410001701000140005802000240007203500130009603700150010904000120012408200110013610000280014724500560017526000490023126000090028027000620028930000260035150000500037720080630104737.0080618t xxu||||| |||| 00| 0 eng d aENG-90420 c550.00a81313039887 aEN-73953 bDBAD / PUB aDPLbEN a370.15 aSiddiqui, Mujibul Hasan aEducational psychology /cby Mujibul Hasan Siddiqui aNew Delhi bAPH Publishing Corporationc2008 a b  a4435-36/7, Ansri Road, Darya Ganj, bNew Delhi e110002 aix, 258p.c23 cm (Hb) aIncludes bibliographical references and index